000 00561nam a2200157 i 4500
001 115800
003 ES-MaACL
005 20230906190548.0
007 t|
008 070516s1951 sp ||||1| spa d
100 1 _aJordán de Urríes, Manuel.
_966917
245 1 0 _aRazas fisiológicas de Puccinio Graminis Fritici en España /
_cpor Manuel J. de Urríes.
260 _aMadrid :
_bInstituto Antonio J. de Cavanilles, Consejo Superior de Investigaciones Científicas,
_c1951.
300 _a56 p., 10 lám. ;
_c26 cm.
852 _aES-MaACL
_j1917-F-22
_bR.31225
999 _c115800
_d115800